Thiết kế hệ thống điều khiển tự động trong khách sạn : Luận văn thạc sĩ /
Guardado en:
| Autor principal: | |
|---|---|
| Otros Autores: | |
| Formato: | Tesis |
| Lenguaje: | Vietnamese |
| Publicado: |
Đà lạt :
Đà lạt,
2004
|
| Materias: | |
| Etiquetas: |
Agregar Etiqueta
Sin Etiquetas, Sea el primero en etiquetar este registro!
|
| Thư viện lưu trữ: | Thư viện Trường Đại học Đà Lạt |
|---|
| LEADER | 01084nam a2200349 4500 | ||
|---|---|---|---|
| 001 | DLU050031006 | ||
| 005 | ##20050316 | ||
| 040 | # | # | |a DLU |b vie |
| 041 | # | # | |a vie |
| 044 | # | # | |a vn |
| 082 | # | # | |a 530 |b LE-L |
| 100 | # | # | |a Lê Bá Lộc |
| 245 | # | # | |a Thiết kế hệ thống điều khiển tự động trong khách sạn : |b Luận văn thạc sĩ / |c Lê Bá Lộc; Lưu Thế Vinh hướng dẫn |
| 260 | # | # | |a Đà lạt : |b Đà lạt, |c 2004 |
| 300 | # | # | |a 159 tr. ; |c 29 cm |
| 504 | # | # | |a Tài liệu tham khảo :tr.101 |
| 653 | # | # | |a Hệ thống điều khiển |
| 653 | # | # | |a Khách sạn |
| 653 | # | # | |a Phần cứng |
| 653 | # | # | |a Phần mềm |
| 653 | # | # | |a Tự động hoá |
| 653 | # | # | |a Vi điều khiển |
| 700 | # | # | |a Lưu Thế Vinh |c TS |e hướng dẫn |
| 915 | # | # | |a Vật lý kỹ thuật |b 1.03.08 |c Thạc sĩ |d Trường Đại học Đà lạt |e Bộ Giáo dục và Đào tạo |
| 994 | # | # | |a DLU |
| 900 | # | # | |a True |
| 911 | # | # | |a Đào Thị Thu Huyền |
| 925 | # | # | |a G |
| 926 | # | # | |a A |
| 927 | # | # | |a LA |
| 980 | # | # | |a Thư viện Trường Đại học Đà Lạt |